Discurso de un italiano en torno a la poesía romántica (Record no. 185512)

MARC details
000 -LEADER
campo de control de longitud fija 01209nam a2200301 i 4500
001 - NÚMERO DE CONTROL
campo de control 185512
003 - IDENTIFICADOR DE NÚMERO DE CONTROL
campo de control SpMaBN
005 - FECHA Y HORA DE LA ÚLTIMA TRANSACCIÓN
campo de control 20250822143001.0
008 - DATOS DE LONGITUD FIJA--INFORMACIÓN GENERAL
campo de control de longitud fija 160615s1998 sp |||| | spa d
020 ## - NÚMERO INTERNACIONAL ESTÁNDAR DEL LIBRO
Número Internacional Estándar del Libro 84-8191-214-X
080 ## - NÚMERO DE LA CLASIFICACIÓN DECIMAL UNIVERSAL
Número de la Clasificación Decimal Universal 82-14.09"18"
080 ## - NÚMERO DE LA CLASIFICACIÓN DECIMAL UNIVERSAL
Número de la Clasificación Decimal Universal 821.131.1 Leopardi, Giacomo 1.07
100 1# - ENTRADA PRINCIPAL--NOMBRE DE PERSONA
Nombre de persona Leopardi, Giacomo,
Fechas asociadas al nombre 1798-1837
9 (RLIN) 71704
245 10 - MENCIÓN DEL TÍTULO
Título Discurso de un italiano en torno a la poesía romántica
Resto del título : (1818) /
Mención de responsabilidad, etc. Giacomo Leopardi ; edición de Carmelo Vera Saura.
250 ## - MENCION DE EDICION
Mención de edición 1ª ed.
260 ## - PUBLICACIÓN, DISTRIBUCIÓN, ETC.
Lugar de publicación, distribución, etc. Valencia :
Nombre del editor, distribuidor, etc. Pre-Textos,
Fecha de publicación, distribución, etc. 1998.
300 ## - DESCRIPCIÓN FÍSICA
Extensión 302 p. ;
Dimensiones 17 cm.
490 1# - MENCIÓN DE SERIE
Mención de serie Pre-textos.
-- Poéticas ;
Designación de volumen o secuencia 376
504 ## - NOTA DE BIBLIOGRAFÍA, ETC.
Nota de bibliografía, etc. Bibliografía: p. [85]-87, [91]-93.
505 8# - NOTA DE CONTENIDO CON FORMATO
Nota de contenido con formato Contiene: ;
Título El primer Leopardi y las polémicas clásico-románticas en Italia (1816-1825)
600 14 - PUNTO DE ACCESO ADICIONAL DE MATERIA--NOMBRE DE PERSONA
Nombre de persona Leopardi, Giacomo,
Fechas asociadas al nombre 1798-1837-
Subdivisión general Crítica e interpretación
9 (RLIN) 71705
650 #7 - PUNTO DE ACCESO ADICIONAL DE MATERIA--TÉRMINO DE MATERIA
Término de materia o nombre geográfico como elemento de entrada Poesía-
Subdivisión cronológica S.XIX-
Subdivisión general Historia y crítica.
9 (RLIN) 159864
650 #7 - PUNTO DE ACCESO ADICIONAL DE MATERIA--TÉRMINO DE MATERIA
Término de materia o nombre geográfico como elemento de entrada Romanticismo (Literatura)
Fuente del encabezamiento o término embne
9 (RLIN) 148476
700 1# - ENTRADA AGREGADA--NOMBRE PERSONAL
Nombre de persona Vera Saura, Carmelo,
Fechas asociadas al nombre 1961-
9 (RLIN) 159865
830 0# - PUNTO DE ACCESO ADICIONAL DE SERIE-TÍTULO UNIFORME
Título uniforme Pre-textos.
-- Poéticas ;
Designación de volumen o secuencia 376
9 (RLIN) 192336
852 ## - LOCALIZACIÓN
Ubicación ES-MaACL
Número de control de estantería L-30401
Nota libre . - Donat. Miguel A. Velasco
Holdings
Estatus retirado Estado de pérdida Estado de daño No para préstamo Biblioteca de origen Biblioteca actual Ubicación en estantería Fecha de adquisición Fuente de adquisición Total de préstamos Signatura topográfica completa Código de barras Visto por última vez Precio de reemplazo Tipo de ítem Koha
        Biblioteca del Ateneo de Madrid Biblioteca del Ateneo de Madrid Depósito 2 15/06/2016     L-30401 1195459 23/02/2023 23/02/2023 Libro impreso